| 000 | 00732nam a2200241Ia 4500 | ||
|---|---|---|---|
| 003 | OSt | ||
| 005 | 20220926020808.0 | ||
| 006 | a|||||r|||| 00| 0 | ||
| 007 | ta | ||
| 008 | 220923b |||||||| |||| 00| 0 eng d | ||
| 020 |
_a9781461431022 _c3599.5500000000002 |
||
| 037 |
_bVMB/13-14/150, 03/10/2013, VARDHMAN _cGeneral Book |
||
| 040 |
_aRTL _cRTL _beng |
||
| 041 |
_2eng _aeng |
||
| 082 | _aU18:M95(D:28), Q2 | ||
| 100 |
_aKHORRAM Siamak _9279281 |
||
| 245 | 0 | _aRemote sensing. | |
| 260 |
_aNew York _bSpringer _c2012 |
||
| 300 |
_avii,134p. _ccm. |
||
| 650 | _aGeography | ||
| 942 |
_hU18:M95(D:28), Q2 _cGB _2CC |
||
| 999 |
_c635031 _d635031 |
||